Normal view
MARC view
- Farhat Syeda Mahpara
Entry Personal Name
001 - CONTROL NUMBER
- control field: 124159
003 - CONTROL NUMBER IDENTIFIER
- control field: NUST
005 - DATE AND TIME OF LATEST TRANSACTION
- control field: 20240708114959.0
008 - FIXED-LENGTH DATA ELEMENTS
- fixed length control field: 240708|| aca||aabn | a|a d
040 ## - CATALOGING SOURCE
- Original cataloging agency: NUST
- Transcribing agency: NUST
100 ## - HEADING--PERSONAL NAME
- Personal name: Farhat Syeda Mahpara
670 ## - SOURCE DATA FOUND
- Source citation: Work cat.: (NUST)523467: Farhat Syeda Mahpara , Th-PhD-Evaluation of Nicotinic Acetylcholine receptors in learning and memory using mouse model of Alzheimer’s Disease , 2017
